Les 20 joueurs avec le plus de cartons rouges de l'histoire - Statistiques

Statistiques générales
  • Ce quiz a été pris 172 fois
  • Le résultat moyen est 2 sur 20
Statistiques - réponses
# Joueur Cartons rouges Nationalité Sélections Fait marquant Club notable % Correct
3 Sergio Ramos 24 Espagne 179 Vainqueur de la Ligue des Champions en 2014, 2016, 2017 et 2018 Real Madrid
99%
6 Rafael Marquez 21 Mexique 147 Vainqueur de la Ligue des Champions en 2006 et 2009 FC Barcelone
21%
14 Yannick Cahuzac 17 France 0 330 matchs disputés avec le SC Bastia SC Bastia
21%
7 Felipe Melo 20 Brésil 22 Champion de Turquie en 2012, 2013 et 2015 Galatasaray SK
11%
2 Cyril Rool 25 France 0 Vainqueur de la Coupe de la Ligue en 1999 RC Lens
10%
10 Gary Medel 18 Chili 161 Joueur de l'Inter de Milan de 2014 à 2017 Inter Milan
9%
16 Philippe Mexes 16 France 29 Vainqueur de la Coupe d'Italie en 2007 et 2008 AS Rome
7%
5 Paolo Montero 21 Uruguay 61 Champion d'Italie en 1997, 1998, 2002 et 2003 Juventus FC
4%
19 Ricardo Quaresma 14 Portugal 80 Élu meilleur footballeur portugais de l'année en 2005, 2006 et 2007 FC Porto
4%
1 Gerardo Bedoya 46 Colombie 49 Vainqueur de la Copa América en 2001 Deportivo Cali
3%
15 Gonzalo Rodriguez 17 Argentine 7 Vice-Champion d'Espagne en 2008 ACF Fiorentina
3%
20 Jermaine Jones 14 États-Unis 69 Vice-champion d'Allemagne en 2007 Schalke 04
2%
4 Alexis Ruano 22 Espagne 0 Vainqueur de la Coupe d'Espagne en 2008 Valence CF
1%
12 Pablo Alfaro 18 Espagne 0 Champion d'Espagne en 1993 et vainqueur de la C3 en 2006 Séville FC
1%
17 Alberto Lopo 15 Espagne 0 Vainqueur de la Coupe d'Espagne en 2000 et 2006 Espanyol Barcelone
0%
13 Deividas Semberas 17 Lituanie 82 Champion de Russie en 2003, 2005 et 2006 et vainqueur de la C3 en 2005 CSKA Moscou
0%
9 Fernando Amorebieta 19 Venezuela 15 Finaliste de la Ligue Europa en 2012 Athletic Bilbao
0%
11 Gerardo Torrado 18 Mexique 145 Participation à trois Coupes du monde en 2002, 2006 et 2010 Séville FC
0%
18 Giampiero Pinzi 14 Italie 1 Vainqueur du Championnat d'Europe Espoirs 2004 Udinese Calcio
0%
8 Matteo Contini 20 Italie 0 Passages remarqués à Parme, Naples et Bergame Parme FC
0%
Aucun quiz correspondant
Distribution des résultats
% des personnes avec chaque résultat
Percentile par nombre de réponses
Votre historique - résultats
Vous n’avez pas pris ce quiz